Quizzes
Events
Quiz Creation
Community
Videos
Private Events
Remove Ads
Sign In
Join for FREE
Feedback
Dark Mode
Quiz Categories
Sports
Geography
Music
Movies
Television
Just For Fun
Miscellaneous
History
Literature
Language
Science
Gaming
Entertainment
Religion
Holiday
For Kids
Quiz Lab
Recent
Popular Today
Quiz Kudos Today
Editor Picks
Curator Picks
Quizzes by...
Day
Popularity
Type
Ratings
Length
Year
Community
Subscriptions
Recent Discussions
Orange Saloon
Badges
Playlists
Quests
Create
Leaderboards
Showdown
Live 5
Trivia Bingo
Activity
Puzzle Library
Sporcle Events
Private Events
Virtual Trivia
Globe League
Become a Host
Pub Owners
SporcleCon
Opinionation
Our Games
Videos
Blog
Mobile Apps
Partnerships
Remove Ads and Go Orange
Feedback
Music
Pop Music
The Beatles
Song
Album
Lyrics
Bands
Singers
Artist
Clip
Rock
Rap
Classical
Billboard
Country Music
Kpop
Taylor Swift
Music
Pop Music
The Beatles
Song
Album
Lyrics
Bands
Singers
Artist
Clip
Rock
Rap
Classical
Billboard
Country Music
Kpop
Taylor Swift
Random Quiz
Search Sporcle
×
Quiz Lab
Quiz Lab
Music
Lyrics
Type in answers that appear in a list
Type in answers that appear in a list
Classic
Best Score? Go Orange.
Guess the lyrics to the musical! 15 Stats
Can you name the musical from the lyrics?
By
marsh123
6m
181 Questions
61 Plays
61 Plays
61 Plays
Comments
Comments
Give Quiz Kudos
Give Quiz Kudos
-
- Ratings
hide this ad
Replay
Link that replays current quiz
Next Quiz
Link to next quiz in quiz playlist
You Got
0%
They Got
Avg Score
40%
Avg Friend Score
Upgrade to see
Score Distribution
Jump to the score distribution portion of the page
Score
0/181
Timer
06:00
0
Plays Today
% Correct
the
98.4%
the
98.4%
a
98.4%
a
98.4%
and
98.4%
and
98.4%
the
98.4%
the
98.4%
a
98.4%
the
98.4%
the
98.4%
and
98.4%
and
98.4%
the
98.4%
the
98.4%
and
98.4%
and
98.4%
a
98.4%
the
98.4%
the
98.4%
and
98.4%
the
98.4%
and
98.4%
and
98.4%
and
98.4%
the
98.4%
and
98.4%
and
98.4%
and
98.4%
and
98.4%
and
98.4%
and
98.4%
and
98.4%
on
68.9%
in
67.2%
in
67.2%
in
67.2%
in
67.2%
to
63.9%
to
63.9%
he
63.9%
he
63.9%
to
63.9%
to
63.9%
of
62.3%
of
62.3%
of
62.3%
of
62.3%
of
62.3%
of
62.3%
of
62.3%
of
62.3%
of
62.3%
of
62.3%
as
50.8%
not
47.5%
all
37.7%
with
37.7%
was
37.7%
was
37.7%
was
37.7%
% Correct
with
37.7%
with
37.7%
his
34.4%
but
34.4%
his
34.4%
his
34.4%
one
34.4%
him
32.8%
son
32.8%
time
31.1%
their
29.5%
Way
27.9%
way
27.9%
back
27.9%
only
27.9%
man.
26.2%
had
26.2%
ago
24.6%
land
24.6%
many
23%
centuries
23%
after
21.3%
began
21.3%
jacob
21.3%
lived
21.3%
Jacob
21.3%
Jacob
21.3%
sons
21.3%
Jacob
21.3%
Jacob
21.3%
sons
21.3%
days
21.3%
Jacob
21.3%
new
21.3%
most
21.3%
sons
21.3%
Dad.
21.3%
Jacob
21.3%
Jacob
21.3%
sons
21.3%
Jacob
21.3%
Jacob
21.3%
sons
21.3%
Jacob
21.3%
Jacob
21.3%
sons
21.3%
which
21.3%
Jacob
21.3%
Jacob
21.3%
sons
21.3%
Joseph
21.3%
Jacob
21.3%
Jacob
21.3%
sons
21.3%
Jacob
21.3%
Jacob
21.3%
sons
21.3%
Jacob
21.3%
Jacob
21.3%
sons
21.3%
Jacob
21.3%
% Correct
Jacob
21.3%
Jacob
21.3%
Jacob
21.3%
sons.
21.3%
long
19.7%
bible
19.7%
used
19.7%
call
19.7%
Dan
19.7%
Benjamin
19.7%
fine
18%
spent
18%
thanks
18%
children
18%
men
18%
children
18%
Levi
18%
Asher
18%
canaan
16.4%
example
16.4%
family
16.4%
fields
16.4%
sheep.
16.4%
founder
16.4%
whole
16.4%
nation
16.4%
number
16.4%
known
16.4%
Israel
16.4%
wives
16.4%
family
16.4%
anyones
16.4%
Reuben
16.4%
Israel
16.4%
Gad
16.4%
took
16.4%
total
16.4%
nine
16.4%
leaves
16.4%
also
14.8%
soil
14.8%
crook
14.8%
remarkable
14.8%
book.
14.8%
eldest
14.8%
Judah
14.8%
Jacob's
14.8%
favourite
14.8%
earn
13.1%
keep.
13.1%
Simeon
13.1%
next
13.1%
line
13.1%
farming
11.5%
Naphtali
11.5%
depended
9.8%
sheaf
9.8%
Isaachar
9.8%
Zebulun
9.8%
Quiz Playlist
Details
Report
Send in Message
Add To Playlist
Classic:
Type in answers that appear in a list
Last Updated: Feb 16, 2017
Quiz Scoreboard
CHALLENGE
Sign Up to Join the Scoreboard
Show All
Scores
Hide
Comments
May contain spoilers
Recently Published
Pick 6: Fruits
by JohnFran
Miscellaneous
15s
Click the 1999 NBA Draft
by nibperrychub
Sports
2m
Alphabetical 'K' Countries by Flag Minefield
by ylime102
Geography
3m
More to Explore
Quiz From the Vault
Featured Blog Post
15 Basketball Trivia Facts You Can Be March Mad About
hide this ad
You Might Also Like...
Tags
Lyrics Quiz
Musical Quiz
Musical Songs
Today's Top Quizzes in Music
Browse Music
hide this ad
Today's Top Quizzes in Lyrics
Browse Lyrics
Top Contributed Quizzes in Music
1
Taylor Swift All Songs (2024)
2
A Taylor Swift Logic Puzzle
3
KPOP LOGIC QUIZ
4
Taylor Swift Logic Puzzle
5
NCT 2020 Logic Puzzle
6
Guess the Taylor Swift song (Mystery Song)
7
Joni Mitchell—'Car on a Hill' Lyrics
8
Guess The Taylor Swift Lyrics Song #1
9
Lana Del Rey songs - match the song with the album
10
kpop group name match up
Explore More
Trending Topics
Crossword
Harry Potter
NBA
Disney
Anime
Marvel
Kpop
Puzzle
Song
The Office
Country
NFL
Soccer
WWE
Pokémon
hide this ad
More By:
marsh123
Quiz
Plays
Rating
Category
Featured
Created
Mixed Word: Disney Characters III
52,008
4.02
Just For Fun
Feb 18, 2011
Top 10 Marvel Villains
578
3.00
Just For Fun
Feb 19, 2011
Mary Poppins song
428
2.75
Music
Nov 25, 2011
famous footballers
215
3.00
Sports
Mar 16, 2011
Name that disney song!
98
2.00
Music
Nov 24, 2011
Go to Creator's Profile
Score Distribution
Quiz Creator Spotlight
marsh123
Follow
Send a Message
Quizzes Created
-
Created Quiz Play Count
-
More By This Creator
Popular Quizzes Today
1
Find the US States - No Outlines Minefield
2
Countries of Asia Without Outlines Minefield
3
Pick 6: Fruits
4
The Countries of the World
5
Alphabetical 'K' Countries by Flag Minefield
6
Click the 1999 NBA Draft
7
Find the US States
8
Match the Book to the Film X
More Music Quizzes
Opening Lyrics: Chicago's Greatest Hits
Quiz Lab
Trending Quizzes
Pick 6: Harry Potter
Pick 6: Mountains
Pick 6: NFL Teams
Pick 6: Movie Franchises
Pick 6: Golfers
Recently Updated
Women's Final Four Teams by Year
bhenderson79
Presidents Quartet II
eogle
Anything But Clue(do)
eogle
Anything But Oceanian Capitals
eogle
Anything But 7
eogle
Anything But Thing
eogle
Word Ladder: February 29
pecheneg
Song Title Questions
pecheneg
Women's NCAA Tournament #1 Seeds
pecheneg
Celebrity Mug Shots
pecheneg
Trending Topics
Crossword
Harry Potter
Marvel
Kpop
Disney
NBA
Anime
NFL
Country
Pokémon
The Office
Song
WWE
Soccer
Puzzle
Your Account Isn't Verified!
In order to create a playlist on Sporcle, you need to verify the email address you used during registration. Go to your
Sporcle Settings
to finish the process.
Report this User
Report this user for behavior that violates our
Community Guidelines
.
Details:
Send Report
Go to the Sporcle.com Mobile Site →
Comments